| 000 | 00963cam a22002531i 4500 | ||
|---|---|---|---|
| 003 | SA-RiAUC | ||
| 005 | 20250922131351.0 | ||
| 008 | 250915s1983 le g d 000 0 ara c | ||
| 040 |
_aSA-JeALM _bara _cSA-RiAUC _erda |
||
| 082 | 0 | 4 |
_a415.103 _qSA-RiAUC |
| 090 |
_a415.103 _bم ع ج |
||
| 245 | 0 | 0 |
_aمعجم الإعراب والإملاء / _cجمع إميل بديع يعقوب. |
| 250 | _aالطبعة الاولى. | ||
| 264 | 1 |
_aبيروت : _bدار العلم للملايين، _c1983 |
|
| 300 |
_a630 صفحة ؛ _c24 سم. |
||
| 336 |
_aنص _btxt _2rdacontent _3كتاب |
||
| 337 |
_aبدون وسيط _bn _2rdamedia |
||
| 338 |
_aمجلد _bnc _2rdacarrier |
||
| 650 | 7 |
_aاللغة العربية _xنحو _vمعاجم _2aucsh |
|
| 650 | 7 |
_aاللغة العربية _xإملاء وتهجئة _vمعاجم _2aucsh |
|
| 700 | 1 |
_aيعقوب، إميل بديع، _d1950- _eجامع. |
|
| 942 |
_2ddc _cBOOK _n0 |
||
| 949 |
_aSA-JeALM _d250915 _uosman123 _n1 |
||
| 999 |
_c12014 _d12014 |
||